[Event "FRA-ch"]
[Site "Val d'Isere"]
[Date "2004.08.16"]
[Round "1"]
[White "Sokolov, Andrei"]
[Black "Apicella, Manuel"]
[Result "1-0"]
[WhiteElo "2583"]
[BlackElo "2532"]
[Annotator "Atlas,V"]
[PlyCount "81"]
[EventDate "2004.08.16"]
[EventType "tourn"]
[EventRounds "11"]
[EventCountry "FRA"]
[EventCategory "13"]
[SourceTitle "CBM 103"]
[Source "ChessBase"]
[SourceDate "2004.11.11"]
[SourceVersion "1"]
[SourceVersionDate "2004.11.11"]
[SourceQuality "1"]

1. e4 e6 2. d4 d5 3. Nd2 Nf6 4. e5 Nfd7 5. Bd3 c5 6. c3 Nc6 7. Ne2 cxd4 8. cxd4
f6 9. exf6 Nxf6 10. Nf3 Bd6 11. O-O O-O 12. Bg5 Bd7 13. a3 Be8 14. Ng3 h6 15.
Be3 Ng4 16. Qe2 e5 17. dxe5 Ncxe5 18. Nxe5 Nxe5 19. Bc2 Qh4 20. Rad1 Qc4 21.
Qxc4 Nxc4 22. Nf5 Nxe3 23. fxe3 $1 ({It is stronger than} 23. Nxe3 Be5 {
, with counterplay.}) 23... Rf6 24. Rxd5 Bf8 $6 (24... Bc7 {was to be
preferred.}) {[%tqu "En","How can White increase his advantage?","Open the
f-file for the operation of the f1-rook and exploit the shaky poition of the
f8-bishop.","Sacrifice your knight!","f5h6","This move allows White to win the
second pawn and yields him excellent winning chances.",5]} 25. Nxh6+ $1 {
[%csl Gc2,Gf1,Rf6,Rf8,Rg8,Gh6] Sokolov finds the most convincing way to
convert his advantage.} Rxh6 26. Bb3 $1 {[%csl Gb3,Gd5,Gf1,Rf8,Rg8] This
sacrifice allows White to regains the piece and yields him a large, probably,
decisive advantage.} Bf7 27. Rxf7 $1 {[%csl Ra8,Gb3,Gd5,Gf7,Rg8][%cal Gb3g8]}
Kxf7 28. Rd8+ Ke7 29. Rxa8 Rb6 {The most stubborn continuation.} 30. Bd5 Rxb2
31. h4 $1 {[%csl Ga8,Gd5,Re7,Rf8,Gh4][%cal Gh4h5] Threatening 32.h5, fully
paralyzing Black pieces.} g6 32. g4 Rd2 33. Be4 Kf7 34. Rxa7 Rb2 35. a4 Bc5 36.
Rxb7+ Rxb7 37. Bxb7 Bxe3+ 38. Kg2 Bd2 39. g5 Be1 40. Kh3 Bd2 41. Kg4 1-0

[Event "Elgoibar 07th"]
[Site "Elgoibar"]
[Date "1997.12.02"]
[Round "7"]
[White "Korneev, Oleg"]
[Black "Matamoros Franco, Carlos S"]
[Result "1-0"]
[WhiteElo "2565"]
[BlackElo "2470"]
[Annotator "Baburin,A"]
[PlyCount "107"]
[EventDate "1997.11.26"]
[EventType "tourn"]
[EventRounds "9"]
[EventCountry "ESP"]
[EventCategory "10"]
[SourceTitle "CBM 063"]
[Source "ChessBase"]
[SourceDate "1998.03.26"]
[SourceVersion "1"]
[SourceVersionDate "1998.03.26"]
[SourceQuality "1"]

1. e4 e6 2. d4 d5 3. Nd2 Nf6 4. e5 Nfd7 5. Bd3 c5 6. c3 Nc6 7. Ne2 cxd4 8. cxd4
f6 9. exf6 Nxf6 10. O-O Bd6 11. Nf3 Qb6 {In this line of the French Defence
the e5-square is of great importance. Right now Black has good control over it,
but if White can manage to exchange the d6-bishop and the c6-knight, Black may
be left with a bad 'French' bishop.} 12. b3 {Another common move here is 12.
Nc3; then White usually places his dark-squared bishop on e3 or g5. The text
takes care of the b-pawn, which will not be hanging after an eventual Bc1-f4.}
O-O 13. Bf4 {[%csl Re5] This move is an important part of White's strategic
plan. Ideally, White wants to leave only a knight (and put it on e5!) vs.
Black's light squared bishop, all other minor pieces should be exchanged as
far as White is concerned.} Bxf4 ({Also popular is} 13... Nxd4 {Then, after}
14. Nfxd4 e5 15. Be3 exd4 16. Bxd4 {White has slightly better chances.} Qd8 (
16... Qc7 17. Ng3 Bg4 18. Qd2 Bf4 19. Be3 Be5 20. Rac1 Qf7 21. Rfe1 Kh8 22. f3
$14 {Slobodjan-Kindermann, BL 1997.}) 17. Ng3 Bd7 18. Rc1 Qe8 19. Qc2 Rc8 20.
Qb1 Rxc1 21. Rxc1 b6 22. Re1 Qf7 23. f3 $14 {Wahls-Zhang Zhong, Beijing open
1993}) 14. Nxf4 Bd7 (14... Nxd4 $2 {proved to be unsound in the game
Wahls-Chen De, Beijing open 1993, which continued:} 15. Nxd4 e5 16. Nxd5 Qxd4
17. Bc4 Kh8 18. Qxd4 exd4 19. Nc7 Rb8 20. Rad1 Bd7 21. Rxd4 $18) 15. Re1 Rae8
16. Qd2 Kh8 17. Bc2 Qb4 ({The thematic move -} 17... Nxd4 {played in the game
Vallejo Pons-Farago,I Open, Saint Vincent 1998, left White with a pleasant
edge in the endgame after} 18. Qxd4 Qxd4 19. Nxd4 e5 20. Nfe6 Bxe6 21. Rxe5 Bd7
22. Rae1 Rxe5 23. Rxe5 Re8 24. Rxe8+ Nxe8 25. f3) 18. Rad1 Qxd2 19. Rxd2 Ne4
20. Bxe4 Rxf4 21. Bc2 Re7 22. Re3 Bc8 23. g3 Rf6 24. Ne5 Nxe5 25. Rxe5 {
White has not achieved his main goal - to get a position with a knight on e5
vs. Black's light-squared bishop, but even here he has some advantage. His
bishop has certainly better prospects than Black's and has more space for
manoeuvring. However, Black may seize control over the c-file.} Rc7 26. Kg2 Kg8
27. h4 $5 Bd7 28. h5 Rf8 29. Bd1 Rfc8 30. Bg4 Kf7 31. Ree2 Rc6 32. Re3 R8c7 33.
Rf3+ Kg8 34. Rf4 b5 ({Black had to make use of the c-file by playing} 34... Rc2
35. Rd3 R7c3 $1 ({but not} 35... Rxa2 $2 36. Rdf3 {when White obtains
dangerous attack.})) 35. Rd3 Rc8 $2 ({Black needs to trade off a pair of rooks,
so he simply had to play} 35... Rc3 $1) 36. h6 gxh6 37. Rf6 Kg7 38. Rdf3 Be8
39. Rxe6 Rxe6 40. Bxe6 Rc2 41. a3 Rd2 42. Rf4 Ra2 43. Bxd5 Bg6 44. b4 Rxa3 45.
Bc6 a6 46. d5 Rd3 47. Kf1 Bh5 48. g4 Bg6 49. Ke2 Kg8 50. Bd7 Kh8 51. Be6 Kg7
52. f3 Kh8 53. Rf8+ Kg7 54. Rg8+ 1-0

[Event "Schlechter Memorial"]
[Site "Vienna"]
[Date "1996.??.??"]
[Round "3"]
[White "Popovic, Petar"]
[Black "Weinzettl, Ernst"]
[Result "1-0"]
[WhiteElo "2575"]
[BlackElo "2365"]
[Annotator "Balinov,I"]
[PlyCount "72"]
[EventDate "1996.10.10"]
[EventType "swiss"]
[EventRounds "9"]
[EventCountry "AUT"]
[SourceTitle "CBM 055 Extra"]
[Source "ChessBase"]
[SourceDate "1997.01.01"]
[SourceVersion "1"]
[SourceVersionDate "1997.01.01"]
[SourceQuality "1"]

1. e4 e6 2. d4 d5 3. Nd2 Nf6 4. e5 Nfd7 5. c3 c5 6. Bd3 Nc6 7. Ne2 cxd4 8. cxd4
f6 9. exf6 Nxf6 10. Nf3 Bd6 11. O-O O-O (11... Qb6) (11... Qc7) 12. Bf4 Bxf4
13. Nxf4 Qd6 $6 (13... Ne4 $5) (13... Ng4 14. Ne2 (14. g3 g5 15. Ng2 (15. Nh3
e5 $40) 15... Qf6 16. Be2 $8 Nh6 17. h4 g4 18. Ne5 Nxe5 19. dxe5 Qxe5 20. Qd2
Qg7 21. Rac1 Nf5 22. Nf4 Rf7 (22... Nd4 23. Nh5 $1 Nxe2+ 24. Qxe2 Qg6 25. Nf4
Rxf4 26. gxf4 $16) 23. Nh5 Qg6 24. Qg5 Nd4 25. Bxg4 e5 26. Qd8+ Rf8 27. Qxd5+
Be6 28. Bxe6+ Qxe6 29. Qxe6+ Nxe6 30. Rfe1 $16 {Wittmann-Dirr (9)}) 14... Qf6 (
14... Qd6 15. h3 Rxf3 16. hxg4 Rf8 17. f4 $14) 15. h3 Nh6 16. Bb5 Bd7 17. Bxc6
Bxc6 18. Ne5 Bb5 19. a4 Bxe2 20. Qxe2 Rfe8 21. Rfe1 Qe7 22. Ra3 Nf5 {1/2:1/2
Popovic-Kinderman (9).}) 14. g3 e5 15. dxe5 Nxe5 16. Nxe5 Qxe5 17. Qb3 Qd6 18.
Rfe1 Kh8 19. Bf1 $1 Bd7 20. Bg2 Bc6 21. Rad1 d4 22. Bxc6 bxc6 $8 23. Ne6 Rfb8
24. Qc2 c5 25. Nxc5 Rc8 26. b4 a5 27. a3 axb4 28. axb4 Qd5 29. Qd3 Re8 30.
Rxe8+ Rxe8 31. h3 $1 h6 32. Kh2 Rd8 33. Re1 Rb8 34. Re7 Qg5 35. Ra7 (35. Ne6 $2
Ng4+ $19) 35... Nd5 36. Nd7 Rf8 $4 (36... Rd8 37. Qxd4 Nf6 38. Nxf6 $18 Rxd4
39. Ra8+) 1-0

[Event "Moscow Petrosian Memorial"]
[Site "Moscow"]
[Date "1995.??.??"]
[Round "7"]
[White "Korneev, Oleg"]
[Black "Moskalenko, Viktor"]
[Result "1-0"]
[WhiteElo "2540"]
[BlackElo "2525"]
[Annotator "Belov,I"]
[PlyCount "69"]
[EventDate "1995.??.??"]
[EventType "tourn"]
[EventRounds "11"]
[EventCountry "RUS"]
[EventCategory "10"]
[SourceTitle "CBM 046"]
[Source "ChessBase"]
[SourceDate "1995.06.01"]
[SourceVersion "1"]
[SourceVersionDate "1995.06.01"]
[SourceQuality "1"]

1. e4 e6 2. d4 d5 3. Nd2 Nf6 4. e5 Nfd7 5. Bd3 c5 6. c3 Nc6 7. Ne2 cxd4 8. cxd4
f6 9. exf6 Nxf6 10. O-O Bd6 11. Nf3 Qc7 12. Bg5 O-O 13. Rc1 Bd7 (13... Ng4 14.
Ng3 g6 $1 (14... h6 15. Bd2 Qe7 16. Bb1 Bd7 17. Qc2 g5 18. Qd3 Qg7 19. Rce1 $14
{Tseshkovsky,V-Chernin,A/USSR(ch)/1987/}) 15. Nd2 $1 (15. Nh4 e5 16. Be2 Nf6
17. dxe5 Bxe5 18. b4 Bf4 19. Bxf4 Qxf4 20. b5 Nd4 $1 {Smagin,S-Dolmatov,S/URS
(ch)/1986/}) 15... Nf6 16. Nb3 Bd7 17. Nc5 a6 18. Qd2 Rae8 19. b4 (19. Bb1 $5)
19... Bc8 20. b5 axb5 21. Bxb5 $14 {Tzermiadianos,And-Stamenkovic,Z/Sofia/1994/
}) (13... a6 14. Bh4 Nh5 15. Qc2 h6 16. Bh7+ Kh8 17. Bg6 Nf4 18. Nxf4 Bxf4 19.
Rcd1 Qb6 $6 20. Qe2 Bd7 21. Bb1 Rac8 22. Bg3 $16 {Tiviakov,S-Metran/Paris/1991/
}) 14. Ng3 (14. Qc2 Be8 15. Bh4 h6 16. Bg3 Bh5 17. Ne5 Bxe2 18. Qxe2 Nxd4 19.
Qe3 Qb6 $1 20. Nc6 Bxg3 21. Ne7+ Kf7 22. Qxg3 Kxe7 23. Rc7+ $13 {Kveinis,
A-Poldauf,D/Groningen(open)/1990/}) (14. Bh4 h6 15. Re1 $14 {Psakhis,L}) 14...
h6 (14... Bf4 15. Bxf4 Qxf4 16. Re1 Rae8 17. Bb5 $1 Ne4 18. Qe2 Ng5 19. Nxg5
Qxg5 (19... Nxd4 $2 20. Qd3 $18) 20. Bxc6 Bxc6 21. Qe3 $14 {Magometov,
M-Temirbaev,S/URS(cht)/1991/}) 15. Bd2 Qb6 (15... Ng4 16. Bb1 (16. h3 $2 Nxf2
$17) 16... e5 17. dxe5 Ngxe5 18. Nxe5 Bxe5 19. Qb3 $14) 16. Bc3 Bf4 (16... Rae8
17. Ne5 Bxe5 18. dxe5 $16) (16... Bb4 $5 17. Ne5 (17. Bxb4 Qxb4 18. Rc2 $14)
17... Bxc3 18. bxc3 Nxe5 19. dxe5 Ne8 $14) 17. Rc2 Nb4 (17... Be8 18. Ne5 (18.
Re1 Bf7) 18... Bxe5 19. dxe5 Nd7 20. Re2 Nc5 $14) 18. Bxb4 Qxb4 19. Ne5 Bxe5 (
19... Be8 $5) 20. dxe5 Ng4 $2 (20... Nh7 21. Qe2 Rac8 22. Rfc1 $14) (20... Ne8
$6 21. Qc1 Bb5 22. Bxb5 Qxb5 23. f4 $16) 21. Re2 Qf4 22. Qc1 $1 $16 (22. h3 $2
Nxf2) 22... Rac8 (22... h5 23. Nxh5 Qxc1 24. Rxc1 $16) 23. Qxf4 Rxf4 24. f3 Rd4
25. Bg6 Nxh2 $6 (25... Bb5 26. fxg4 Bxe2 27. Nxe2 Rd2 28. Nf4 $16 Rxb2 $132)
26. Kxh2 Bb5 27. f4 $1 Bxe2 28. Nxe2 Rd2 29. Ng3 Rc7 30. f5 $18 exf5 31. e6 f4
(31... Rxb2 32. Rxf5 Rb5 33. Re5 Kf8 34. Nf5 $18) 32. Rxf4 Rxb2 33. Rf5 Rb6 34.
Rxd5 Kf8 35. Nf5 1-0

[Event "Moscow4"]
[Site "Moscow"]
[Date "1995.??.??"]
[Round "6"]
[White "Losev, Dmitry"]
[Black "Moskalenko, Viktor"]
[Result "0-1"]
[WhiteElo "2350"]
[BlackElo "2525"]
[Annotator "Belov,I"]
[PlyCount "64"]
[EventDate "1995.??.??"]
[EventType "tourn"]
[EventRounds "9"]
[EventCountry "RUS"]
[EventCategory "8"]
[SourceTitle "CBM 047 Extra"]
[Source "ChessBase"]
[SourceDate "1995.09.01"]
[SourceVersion "1"]
[SourceVersionDate "1995.09.01"]
[SourceQuality "1"]

1. e4 e6 2. d4 d5 3. Nd2 Nf6 4. Bd3 c5 5. e5 Nfd7 6. c3 Nc6 7. Ne2 cxd4 8. cxd4
f6 9. exf6 Nxf6 10. O-O Bd6 11. Nf3 Qc7 (11... O-O 12. Bf4) 12. g3 O-O 13. Bf4
Ng4 (13... Bd7 14. Rc1 Ng4 (14... Nh5 15. Bxd6 Qxd6 16. Bb5 $14 {Psakhis/}) 15.
Qd2 Rf6 16. b4 a6 17. a4 $14 {Armas,I-Komarov,D/Bad Mergentheim op/1989/}) (
13... Bxf4 14. Nxf4 Qb6 $5 15. Qd2 Kh8 16. Qe3 Qxb2 $5 17. Rab1 Qa3 $13 {
Rozentalis,E-Ivanchuk,V/URS/1986/}) (13... Ne4 14. Bxe4 dxe4 15. Ng5 e5 16.
dxe5 Nxe5 17. Qd5+ Kh8 18. Rac1 Qe7 19. Rfd1 $16 {Kotronias,V-Steingrimsson,H/
Reykjavik op/1994/1:0/54/}) 14. Bxd6 (14. Rc1 Bxf4 15. Nxf4 Rxf4 16. gxf4 Qxf4
17. Be2 $1 Bd7 18. Qd2 Qd6 19. h3 Nh6 20. Bb5 $1 $16 {Rozentalis,E-Lputian,S/
Harkov/1985/}) 14... Qxd6 15. Nc3 e5 $5 (15... Bd7 16. Bxh7+ Kxh7 17. Ng5+ $16)
16. dxe5 Qh6 (16... Ngxe5 17. Nxe5 Nxe5 18. Be4 $1 (18. Nxd5 Bg4 19. Qb3 Nxd3
20. Nf4+ Kh8 21. Nxd3 Be2 $17) 18... d4 19. Nb5 $16) 17. h4 Ngxe5 18. Ng5 (18.
Nxe5 Nxe5 19. Be2 Be6 20. Nb5 $14) 18... Bg4 $5 (18... g6 19. Be2 d4 20. Nce4
Bh3 21. Re1 Rad8 $13) 19. Bxh7+ (19. Be2 Bxe2 20. Qxe2 Rae8 21. Qb5 d4 $13)
19... Kh8 (19... Qxh7 20. Nxh7 Bxd1 21. Nxf8 Bg4 22. f4 Nc4 23. Ng6 $16) 20.
Qxd5 Rad8 21. Qc5 g6 $44 22. Nce4 (22. f4 Nd3 23. Qe3 Qg7 $36) 22... Qg7 23. f4
Nd3 24. Qc3 Bf5 (24... Nxb2 25. Qxg7+ Kxg7 26. Rab1 $16) 25. Qxg7+ (25. Nf2
Nxb2 26. Qxg7+ Kxg7 $15) 25... Kxg7 26. Rad1 Rh8 (26... Nxb2 $5) (26... Bxe4
27. Nxe4 Kxh7 28. Ng5+ Kg8 29. Ne6 Nxb2 30. Rxd8 Rxd8 31. Nxd8 Nxd8 32. Rc1 $13
) 27. Nf2 Nxf2 28. Kxf2 Bg4 29. Rxd8 $8 Rxd8 30. Ke3 Re8+ 31. Kd2 Re2+ 32. Kc1
$6 (32. Kc3 Re3+ 33. Kd2 Rxg3 34. Re1 $15) 32... Nb4 $138 (32... Nb4 33. a3
Nd3+ 34. Kb1 (34. Kd1 Rf2+ $19) 34... Rxb2+ 35. Ka1 Rg2 $17) 0-1

[Event "St Petersburg zt"]
[Site "St Petersburg"]
[Date "1993.??.??"]
[Round "3"]
[White "Dvoirys, Semen I"]
[Black "Gleizerov, Evgeny"]
[Result "1-0"]
[WhiteElo "2565"]
[BlackElo "2550"]
[Annotator "Belov,I"]
[PlyCount "99"]
[EventDate "1993.01.??"]
[EventType "swiss"]
[EventRounds "9"]
[EventCountry "RUS"]
[SourceTitle "CBM 034"]
[Source "ChessBase"]
[SourceDate "1993.06.01"]
[SourceVersion "1"]
[SourceVersionDate "1993.06.01"]
[SourceQuality "1"]

1. e4 {Knaak} e6 2. d4 d5 3. Nd2 Nf6 4. e5 Nfd7 5. c3 c5 6. Bd3 Nc6 7. Ne2 cxd4
8. cxd4 f6 9. exf6 Nxf6 10. O-O Bd6 11. Nf3 O-O (11... Qc7 $1 {Knaak}) 12. Bf4
Bxf4 13. Nxf4 Ne4 14. Qc1 (14. Nh5 g6 15. Ng3 Nxg3 16. hxg3 Qb6 17. Qa4 a6 $1
18. Rab1 Bd7 19. Be2 Ne5 20. Qd1 Nxf3+ 21. gxf3 Rac8 $10 {Rublevsky-Ulybin/St.
Peterburg zt/1993/}) (14. g3 Qf6 15. h4 h6 16. Bxe4 dxe4 17. Ne5 Rd8 18. Nxc6
bxc6 19. Qc2 {Sorokin-Ulybin/Borzhomi/1988/} g5 $1 $15) (14. Ne2 Rxf3 $1 15.
gxf3 Ng5 $44) 14... Ng5 (14... Qf6 15. Ne2 $14) 15. Nxg5 Qxg5 16. Bxh7+ $5 $146
(16. Ne2 Qf6 (16... Qxc1 17. Raxc1 $14) 17. Qe3 Bd7 18. Rad1 Rac8 19. Bb1 Be8
20. h3 Bf7 21. Nf4 Rfe8 22. b3 e5 $10 {Dvoirys,S-Ulybin/Chelyabinsk/1990/})
16... Kxh7 $8 17. Nxe6 Qf6 (17... Qxc1 18. Nxf8+ Kg8 19. Raxc1 Kxf8 (19... Bf5
20. g4 $18) 20. Rfe1 (20. f4 $16 {Knaak}) 20... Kf7 (20... Nxd4 21. Rcd1 Nc6
22. Rxd5 $18) 21. Rc3 Bf5 $14) 18. Nxf8+ Qxf8 19. Qg5 Qf5 20. Qh4+ (20. Qxf5+
$16 {Knaak}) 20... Kg8 21. Rae1 $14 Bd7 22. Re3 (22. h3 $5 Re8 (22... Qc2 23.
Qg5 Qf5 $8 24. Qxf5 Bxf5 25. Re3 $14) 23. Rxe8+ Bxe8 24. Re1 $14) 22... Re8 23.
Rxe8+ Bxe8 24. h3 (24. Re1 Bf7 25. h3) 24... Qd3 $6 (24... Qe6 $142 $14) 25.
Re1 Bf7 (25... Bd7 $2 26. Qh5 Qxd4 (26... Qf5 27. Re8+ $18) 27. Rd1 Qe4 28.
Qxd5+ Qxd5 29. Rxd5 Be6 30. Rb5 b6 31. a3 $16) 26. Qg4 $1 $16 Nxd4 (26... Kh7
$5 27. Qd7 Bg6 28. Qxb7 Nxd4 29. Qxa7 $16) 27. Re7 $1 Nf5 $8 28. Rxb7 d4 29.
Qf4 Bg6 30. Kh2 $1 (30. g4 $2 Nh4 31. Qc7 Nf3+ 32. Kg2 Nh4+ $10) 30... Qe2 (
30... a5 $5) 31. Rd7 (31. Rxa7 $5 d3 (31... Qxb2 $5 32. g4 Nh6 33. Ra8+ Kh7 34.
Qf8 Be4 35. Qh8+ $18) 32. Rd7 $18) 31... d3 (31... Qxb2 32. g4 Nh4 33. Kg3 $1
$18) 32. Qc4+ Kh7 33. Rxd3 (33. Qxd3 Qxf2 34. Qd2 Qg3+ 35. Kh1 Ne3 $13) 33...
Qxf2 (33... Nh6 34. Rc3 Qxb2 35. Rf3 $16) 34. Qc1 $1 Nd4 (34... Nh4 35. Rg3 {
/\ Qg5+-} (35. Rg3 {Knaak} Be4 36. Qe3 (36. Qg5 $2 Qxg2+ $1 37. Rxg2 Nf3+ 38.
Kg3 Nxg5 $14) 36... Qxe3 37. Rxe3 Bxg2 38. Ra3 $18) (35. Qd2 $4 Nf3+ $1 36.
Rxf3 Qxd2 $19)) 35. Qe3 $18 Qxe3 36. Rxe3 Bb1 37. Ra3 Nc6 38. Ra4 a5 39. Rc4
Nb4 40. a3 Nd3 41. b4 axb4 42. axb4 Ne5 43. Rc7 Bd3 44. b5 Nc4 (44... Bxb5 45.
Rc5) 45. g4 Na5 46. b6 Be4 47. Kg3 Nb7 48. h4 Kh6 (48... Kg8 49. Kf4 Bd5 50. h5
{/\ g5,g6+-}) 49. g5+ Kg6 50. Kg4 1-0